| 000 | 00716nam a22002177a 4500 | ||
|---|---|---|---|
| 003 | OSt | ||
| 005 | 20230914101717.0 | ||
| 008 | 221006b |||||||| |||| 00| 0 eng d | ||
| 040 | _cBiblioteca Lado V | ||
| 082 |
_a731.5 _bN469e |
||
| 100 |
_91049 _aNeto, Ernesto _etextos |
||
| 245 | _aErnesto Neto/ | ||
| 260 |
_bMuseu de Arte Moderna AloĆsio Magalhaes _aBrasil _c2003 |
||
| 300 |
_c17x21cm _a40p. |
||
| 366 | _espa | ||
| 650 |
_2Tesauro de Arte & Arquitectura _aARTE _9703 |
||
| 650 |
_2Tesauro de Arte & Arquitectura _aEXHIBICION _9702 |
||
| 650 |
_2Tesauro de Arte & Arquitectura _aESCULTURA _9702 |
||
| 650 |
_2Tesauro de Arte & Arquitectura _aFORMAS |
||
| 942 |
_2ddc _c1 _h731.5 _iN469e _n0 |
||
| 999 |
_c4312 _d4312 |
||